The International opinion poll on "The plan for information society"

שמור ב:
מידע ביבליוגרפי
פורמט: ספר
שפה:Undetermined
יצא לאור: Tokyo Japan computer usage development institute 1973
נושאים:
תגים: הוספת תג
אין תגיות, היה/י הראשונ/ה לתייג את הרשומה!
Thư viện lưu trữ: Trung tâm Học liệu Trường Đại học Cần Thơ
LEADER 00537nam a2200169Ia 4500
001 CTU_77374
008 210402s9999 xx 000 0 und d
082 |a 384 
082 |b I.61 
245 4 |a The International opinion poll on "The plan for information society" 
245 0 |c Japan computer usage development institute 
260 |a Tokyo 
260 |b Japan computer usage development institute 
260 |c 1973 
650 |a Information society 
904 |i Trọng Hải 
980 |a Trung tâm Học liệu Trường Đại học Cần Thơ